000 00354nam a2200133 4500
005 20260119132517.0
008 260119b |||||||| |||| 00| 0 eng d
020 _a9789352691098
100 _aGautam Anju.
245 _aData Structures
_c/Anju Gautam.
260 _aNew Delhi;
_bRandom Publications;
_c2019.
300 _avi; 300p.
_c24cm
942 _2lcc
_n0
_cBK
999 _c135
_d135